|
|
|
|
| LEADER |
00000nab a2200000 ar4500 |
| 001 |
vtls010114005 |
| 003 |
SK-MaSNL |
| 005 |
20260426063031.0 |
| 008 |
100712c2010 xo ||||||||||||00 b|slo |
| 015 |
|
|
|a SNBRB2010/07
|2 snkbucl
|
| 038 |
|
|
|a SNKBUCL
|
| 040 |
|
|
|a SNKBUCL
|b slo
|c SNKBUCL
|e AACR2
|
| 041 |
0 |
|
|a slo
|
| 044 |
|
|
|a xo
|c SK
|
| 080 |
|
|
|a 728.2:643
|x (437.6)
|2 2001
|
| 100 |
1 |
|
|a Daniel, Peter
|4 aut
|9 10543
|
| 245 |
1 |
0 |
|a Dubový implantát
|c Peter Daniel
|
| 300 |
|
|
|b Fotogr., obr.
|
| 500 |
|
|
|a Autor rekonštrukcie: Martin Vojta
|
| 500 |
|
|
|a Poznámky
|
| 650 |
0 |
7 |
|a byty
|2 snkbucl
|9 3905
|
| 650 |
0 |
7 |
|a rekonštrukcie
|2 snkbucl
|9 24616
|
| 651 |
|
7 |
|a Cyprichova 92 (Bratislava, Slovensko)
|2 snkbucl
|9 1284446
|
| 651 |
|
7 |
|a Bratislava (Slovensko)
|2 snkbucl
|9 14568
|
| 773 |
0 |
|
|t ARCH
|g Roč. 15, č. 6 (2010), s. 34-37
|x 1335-3268
|
| 852 |
|
|
|a SNK
|b KIS3GCP
|
| 958 |
|
|
|a SK
|
| 999 |
|
|
|c 2551985
|d 2553915
|